Statistics for Footballers by Picture - Fulham

Click here to take the quiz!

General Stats

  • This quiz has been taken 19 times
  • The average score is 14 of 32

Answer Stats

Answer% Correct
Edwin van der Sar
94%
Aleksandar Mitrović
75%
Bernd Leno
75%
Clint Dempsey
75%
Dimitar Berbatov
75%
Andreas Pereira
56%
Mousa Dembélé
56%
Ryan Sessegnon
56%
Scott Parker
56%
Danny Murphy
50%
Mark Schwarzer
50%
Tim Ream
50%
Bobby Zamora
44%
Bryan Ruiz
44%
Harrison Reed
44%
Louis Saha
44%
Luís Boa Morte
44%
Tom Cairney
44%
Chris Coleman
38%
Damien Duff
38%
Paul Konchesky
38%
Aaron Hughes
31%
Bobby Robson
31%
Brede Hangeland
31%
Johnny Haynes
31%
Steve Finnan
31%
Tomasz Radzinski
31%
George Cohen
25%
Steed Malbranque
25%
Gordon Davies
19%
Ray Lewington
19%
Dickson Etuhu
13%

Score Distribution

Percentile by Number Answered

Percent of People with Each Score

Your Score History

You have not taken this quiz